000 00558nam a22001937a 4500
003 OSt
005 20140310182355.0
008 131001t xxu||||| |||| 00| 0 eng d
050 _aQC 173.36
_b.At887 1993
082 _aGS 530.4
_bP94 1993
100 _aAtwater, Mary
_912031
245 _aProperties of matter /
_cMary Atwater.
260 _aNew York :
_bMacmillan School Publishing Company,
_c1993.
300 _a80 p. :
_bcol. ill. ;
_c26 cm.
600 _aAtwater,Mary
_912031
650 _aMatter.
_922347
942 _2lcc
_cBK-GS
999 _c12486
_d12486